01860nam a2200313Ia 4500001001200000003000800012006001900020007001500039008004100054040002100095035002100116050002600137245036400163260005500527300002700582500019600609504005100805533015200856650003801008650003701046650002301083655002901106710003401135710011401169710010301283710001701386856012601403999001701529ebr10072060CaPaEBRm u cr cn|||||||||001201s1999 dcud sb 001 0 eng d aCaPaEBRcCaPaEBR a(OCoLC)56783672114aTD898.17b.E44 1999eb00aElectrometallurgical techniques for DOE spent fuel treatmenth[electronic resource] :ban assessment of waste form development and characterization /cCommittee on Electrometallurgical Techniques for DOE Spent Fuel Treatment, Board on Chemical Sciences and Technology, Commission on Physical Sciences, Mathematics, and Applications, National Research Council. aWashington, D.C. :bNational Academy Press,c1999. axvi, 116 p. :bcharts. aReport resulting from a study under the aegis of the Committee on Electrometallurgical Techniques for DOE Spent Fuel Treatment on electrometallurgy technology for treating spent nuclear fuel. aIncludes bibliographical references and index. aElectronic reproduction.bPalo Alto, Calif. :cebrary,d2009.nAvailable via World Wide Web.nAccess may be limited to ebrary affiliated libraries. 0aRadioactive wastesxPurification. 0aSpent reactor fuelsxManagement. 0aElectrometallurgy. 7aElectronic books.2local2 aNational Academy Press (U.S.)2 aNational Research Council (U.S.).bCommittee on Electrometallurgical Techniques for DOE Spent Fuel Treatment.22aNational Research Council (U.S.).bCommission on Physical Sciences, Mathematics, and Applications.2 aebrary, Inc.40uhttp://site.ebrary.com/lib/rucke/Doc?id=10072060zAn electronic book accessible through the World Wide Web; click to view c33659d33659